000 00299nam a22001337a 4500
008 180731b xxu||||| |||| 00| 0 eng d
082 _a813.52
245 _aThe Norton RECORDINGS
_cHandel,G.F
260 _c2007
300 _a4
_fCD
440 _x2900393107585
760 _b10th
942 _2ddc
_cMX
999 _c46695
_d46695